书目信息 |
| 题名: |
玩透日本
|
|
| 作者: | 三小a 著 | |
| 分册: | ||
| 出版信息: | 北京 电子工业出版社 2014 |
|
| 页数: | 299页 | |
| 开本: | 21cm | |
| 丛书名: | 达人旅行手册 | |
| 单 册: | ||
| 中图分类: | K931.3 | |
| 科图分类: | ||
| 主题词: | 旅游指南--Lvyouzhinan--日本 | |
| 电子资源: | ||
| ISBN: | 978-7-121-23394-4 | |
| 000 | 00898nam0 2200265 450 | |
| 001 | 791 | |
| 005 | 20170105100819.04 | |
| 010 | @a978-7-121-23394-4@dCNY49.80 | |
| 100 | @a20130525d2014 em y0chiy0110 ea | |
| 101 | 0 | @achi |
| 102 | @aCN@b110000 | |
| 105 | @aa z 000yy | |
| 200 | 1 | @a玩透日本@9Wantouriben@f三小a著 |
| 210 | @a北京@c电子工业出版社@d2014 | |
| 215 | @a299页@c彩图@d21cm | |
| 225 | 2 | @a达人旅行手册@9Darenlvxingshouce@e最新版 |
| 305 | @a台湾太雅出版有限公司授权出版 | |
| 330 | @a本书简明扼要地阐述了日本的地理环境、政治经济、历史变革、文化艺术,以大量富有艺术感染力的彩色照片,生动形象地展示了日本最具特色的名胜古迹、风土人情和自然风光。 | |
| 461 | 0 | @12001 @a达人旅行手册 |
| 510 | 1 | @aJapan@zeng |
| 606 | 0 | @a旅游指南@9Lvyouzhinan@y日本 |
| 690 | @aK931.3@v5 | |
| 701 | 0 | @a三小a@9Sanxiaoa@4著 |
| 801 | 0 | @aCN@b唐山师范学院图书馆@c20160723 |
| 905 | @aZUCC@dK931.3@e437 | |
| 玩透日本/三小a著.-北京:电子工业出版社,2014 |
| 299页:彩图;21cm.-(达人旅行手册:最新版) |
| ISBN 978-7-121-23394-4:CNY49.80 |
| 本书简明扼要地阐述了日本的地理环境、政治经济、历史变革、文化艺术,以大量富有艺术感染力的彩色照片,生动形象地展示了日本最具特色的名胜古迹、风土人情和自然风光。 |
| ● |
| 相关链接 |
|
|
|
|
正题名:玩透日本
索取号:K931.3/437
 
预约/预借
| 序号 | 登录号 | 条形码 | 馆藏地/架位号 | 状态 | 备注 |
| 1 | 903470 | 209034702 | 第二样本阅览室/ [索取号:K931.3/437] | 在馆 | |
| 2 | 903471 | 209034711 | 第二借阅区/ [索取号:K931.3/437] | 在馆 | |
| 3 | 903472 | 209034720 | 第二借阅区/ [索取号:K931.3/437] | 在馆 | |
| 4 | 903473 | 209034739 | 第二借阅区/ [索取号:K931.3/437] | 在馆 | |
| 5 | 903474 | 209034748 | 第二借阅区/ [索取号:K931.3/437] | 在馆 |